| 000 | 01064aam a2200277 a 4500 | ||
|---|---|---|---|
| 003 | BLK | ||
| 005 | 20250422155517.0 | ||
| 008 | 180724b bul|||||||||| 00| | bul d | ||
| 020 |
_a978-619-161-298-7 _q9786191612987 |
||
| 040 | _aBLK | ||
| 041 |
_aBUL _cBUL |
||
| 080 |
_aНорвежка литература _b821.113.5 _x-312.4 _z821.113.5-312.4 |
||
| 084 | _aЕ 23 | ||
| 100 | 1 |
_aЕгеланд, Том _966676 |
|
| 245 |
_aСокола _bроман _cТом Егеланд; прев. от норв. Кристина Златкова. |
||
| 257 | _aBGR | ||
| 260 |
_aСофия _bПерсей _c2023 _f[София] : [Лито Балкан] |
||
| 300 |
_a448 с. _c20 см |
||
| 380 | _aX | ||
| 500 | _aОриг. загл.: Falken/ Tom Egeland. | ||
| 700 |
_9489785 _aЗлаткова, Кристина Евгениева _eпрев. от норв. |
||
| 852 |
_aЦб 323523 _bЦб |
||
| 942 |
_cKNG _2udc _n0 _s1 _08 |
||
| 944 |
_aED _c2024-06-19 _k30530 _lМинев Младен |
||
| 999 |
_c498475 _d498475 |
||